<?xml version='1.0' encoding='UTF-8'?>
  <record xmlns="http://www.loc.gov/MARC21/slim">
    <leader>00000cam a2200000 a 4500</leader>
    <controlfield tag="001">ocm05690850</controlfield>
    <controlfield tag="003">OCoLC</controlfield>
    <controlfield tag="005">20240202180208.2</controlfield>
    <controlfield tag="008">791113s1903    enka     b    001 0 eng  </controlfield>
    <datafield tag="010" ind1=" " ind2=" ">
      <subfield code="a">   03031039 </subfield>
    </datafield>
    <datafield tag="040" ind1=" " ind2=" ">
      <subfield code="a">DLC</subfield>
      <subfield code="b">eng</subfield>
      <subfield code="c">CLE</subfield>
      <subfield code="d">SER</subfield>
      <subfield code="d">YAM</subfield>
      <subfield code="d">UBA</subfield>
      <subfield code="d">OCLCG</subfield>
      <subfield code="d">UKMGB</subfield>
      <subfield code="d">OCLCF</subfield>
      <subfield code="d">OCLCQ</subfield>
      <subfield code="d">OCLCO</subfield>
      <subfield code="d">DHA</subfield>
      <subfield code="d">OCLCQ</subfield>
      <subfield code="d">TYC</subfield>
      <subfield code="d">OCLCQ</subfield>
      <subfield code="d">INARC</subfield>
      <subfield code="d">OCLCQ</subfield>
      <subfield code="d">OCLCO</subfield>
      <subfield code="d">OCLCQ</subfield>
      <subfield code="d">OCLCL</subfield>
    </datafield>
    <datafield tag="016" ind1="7" ind2=" ">
      <subfield code="a">003168489</subfield>
      <subfield code="2">Uk</subfield>
    </datafield>
    <datafield tag="019" ind1=" " ind2=" ">
      <subfield code="a">1008218717</subfield>
      <subfield code="a">1045607332</subfield>
      <subfield code="a">1167081929</subfield>
      <subfield code="a">1181150893</subfield>
      <subfield code="a">1181252703</subfield>
    </datafield>
    <datafield tag="029" ind1="1" ind2=" ">
      <subfield code="a">AU@</subfield>
      <subfield code="b">000005653492</subfield>
    </datafield>
    <datafield tag="029" ind1="1" ind2=" ">
      <subfield code="a">NLGGC</subfield>
      <subfield code="b">153166290</subfield>
    </datafield>
    <datafield tag="029" ind1="1" ind2=" ">
      <subfield code="a">ZWZ</subfield>
      <subfield code="b">019482361</subfield>
    </datafield>
    <datafield tag="035" ind1=" " ind2=" ">
      <subfield code="a">(OCoLC)5690850</subfield>
      <subfield code="z">(OCoLC)1008218717</subfield>
      <subfield code="z">(OCoLC)1045607332</subfield>
      <subfield code="z">(OCoLC)1167081929</subfield>
      <subfield code="z">(OCoLC)1181150893</subfield>
      <subfield code="z">(OCoLC)1181252703</subfield>
    </datafield>
    <datafield tag="043" ind1=" " ind2=" ">
      <subfield code="a">f-nr---</subfield>
    </datafield>
    <datafield tag="050" ind1=" " ind2="4">
      <subfield code="a">DT515.45.B56</subfield>
      <subfield code="b">R6 1903</subfield>
    </datafield>
    <datafield tag="082" ind1="0" ind2="4">
      <subfield code="a">572.9665</subfield>
      <subfield code="b">R742g</subfield>
    </datafield>
    <datafield tag="100" ind1="1" ind2=" ">
      <subfield code="a">Roth, H. Ling</subfield>
      <subfield code="q">(Henry Ling),</subfield>
      <subfield code="d">1854-1925.</subfield>
    </datafield>
    <datafield tag="245" ind1="1" ind2="0">
      <subfield code="a">Great Benin :</subfield>
      <subfield code="b">its customs, art and horrors /</subfield>
      <subfield code="c">by H. Ling Roth.</subfield>
    </datafield>
    <datafield tag="260" ind1=" " ind2=" ">
      <subfield code="a">Halifax, England :</subfield>
      <subfield code="b">F. King,</subfield>
      <subfield code="c">1903.</subfield>
    </datafield>
    <datafield tag="300" ind1=" " ind2=" ">
      <subfield code="a">xii, 234, xxxii pages :</subfield>
      <subfield code="b">illustrations ;</subfield>
      <subfield code="c">26 cm</subfield>
    </datafield>
    <datafield tag="336" ind1=" " ind2=" ">
      <subfield code="a">text</subfield>
      <subfield code="b">txt</subfield>
      <subfield code="2">rdacontent</subfield>
    </datafield>
    <datafield tag="337" ind1=" " ind2=" ">
      <subfield code="a">unmediated</subfield>
      <subfield code="b">n</subfield>
      <subfield code="2">rdamedia</subfield>
    </datafield>
    <datafield tag="338" ind1=" " ind2=" ">
      <subfield code="a">volume</subfield>
      <subfield code="b">nc</subfield>
      <subfield code="2">rdacarrier</subfield>
    </datafield>
    <datafield tag="500" ind1=" " ind2=" ">
      <subfield code="a">Limited edition of 320 copies.</subfield>
    </datafield>
    <datafield tag="504" ind1=" " ind2=" ">
      <subfield code="a">Includes bibliographical references and index.</subfield>
    </datafield>
    <datafield tag="650" ind1=" " ind2="0">
      <subfield code="a">Bini (African people)</subfield>
    </datafield>
    <datafield tag="651" ind1=" " ind2="0">
      <subfield code="a">Benin City (Nigeria)</subfield>
    </datafield>
    <datafield tag="650" ind1=" " ind2="0">
      <subfield code="a">Art, Bini.</subfield>
    </datafield>
    <datafield tag="650" ind1=" " ind2="6">
      <subfield code="a">Edo (Peuple d'Afrique)</subfield>
    </datafield>
    <datafield tag="650" ind1=" " ind2="6">
      <subfield code="a">Art edo.</subfield>
    </datafield>
    <datafield tag="650" ind1=" " ind2="7">
      <subfield code="a">Art, Bini.</subfield>
      <subfield code="2">fast</subfield>
      <subfield code="0">(OCoLC)fst00816022</subfield>
    </datafield>
    <datafield tag="650" ind1=" " ind2="7">
      <subfield code="a">Bini (African people)</subfield>
      <subfield code="2">fast</subfield>
      <subfield code="0">(OCoLC)fst00831890</subfield>
    </datafield>
    <datafield tag="651" ind1=" " ind2="7">
      <subfield code="a">Nigeria</subfield>
      <subfield code="z">Benin City.</subfield>
      <subfield code="2">fast</subfield>
      <subfield code="0">(OCoLC)fst01218250</subfield>
      <subfield code="1">https://id.oclc.org/worldcat/entity/E39PBJmTjgVCDPCddw7tKbK68C</subfield>
    </datafield>
    <datafield tag="650" ind1=" " ind2="7">
      <subfield code="a">Geografia Da Africa Ocidental.</subfield>
      <subfield code="2">larpcal</subfield>
    </datafield>
    <datafield tag="758" ind1=" " ind2=" ">
      <subfield code="i">has work:</subfield>
      <subfield code="a">Great Benin (Text)</subfield>
      <subfield code="1">https://id.oclc.org/worldcat/entity/E39PCFGq3YW39gq6vtfWgKFtKd</subfield>
      <subfield code="4">https://id.oclc.org/worldcat/ontology/hasWork</subfield>
    </datafield>
    <datafield tag="856" ind1="4" ind2="1">
      <subfield code="u">https://archive.org/details/greatbeninitscus00roth</subfield>
      <subfield code="z">Free eBook from the Internet Archive</subfield>
    </datafield>
    <datafield tag="856" ind1="4" ind2="2">
      <subfield code="u">https://openlibrary.org/books/OL17936116M</subfield>
      <subfield code="z">Additional information and access via Open Library</subfield>
    </datafield>
    <datafield tag="938" ind1=" " ind2=" ">
      <subfield code="a">Internet Archive</subfield>
      <subfield code="b">INAR</subfield>
      <subfield code="n">greatbeninitscus00roth</subfield>
    </datafield>
  </record>